00702nam a2200205 a 450000100060000000300090000600800410001502000180005604000280007408200150010210000320011724500840014926000360023330000100026965000320027970000400031194200120035199900170036395201160038010760CO-ViMGA141112s2004 ck r 000 u spa d a9789588940991 aCO-ViMGAbspacCO-ViMGA04a813.5 H35a1 aHemingway ; Ernest, 91364410aAdiós a las Armas /cErnest Hemingway, traducción de Miguel Temprano Garcia aBogotá : bDebolsillo, c2016 a373p.14aNOVELA ESTADOUNIDENSE922331 aTemprano Garcia, Migueletr.913645 2ddccBK c37105d37105 00102ddc40708003aMEVIECARbMEVIECARd2019-03-27l0o813.5 H35ap32829r2019-03-27 00:00:00w2019-03-27yBK